00637nam a22001817a 4500952014700000999001700147003000400164005001700168008004100185020001800226040000900244082002200253100002500275245005500300260004200355300000800397942005000405 00102ddc40708SSaMESbMEScMALd2019-10-11g125.00l3m1o894.812301 PRA/Op40606r2025-02-28 13:35:53s2025-02-20w2019-10-11yBKzGR30R3 c40585d40585OSt20201231120955.0191011b ||||| |||| 00| 0 eng d a9788182675803 coclc a894.812301bPRA/O aPrabhakaran, N97828 aOru Thoniyude Athmakathayil Ninnu /cN Prabhakaran aKozhikode:bMathrubhumi Books,c2018. a95p 2ddccBKh894.812301iPRA/Ok894.812301mPRA/O